5-Letter Images (A-Z) Quiz Stats

 Plays Quiz Updated Feb 15, 2019

Support Sporcle.
Go Orange.
Score 0/25 Timer 02:00
1 Play Today
% Correct
arrow
98.5%
igloo
96.2%
match
95.2%
phone
95.1%
ninja
95.1%
judge
94.7%
razor
93.7%
goose
91.8%
floss
91.4%
elbow
90.5%
organ
88.1%
hedge
88%
brain coral
86.9%
% Correct
drain
86.7%
whale
85.1%
kazoo
82.9%
zebra
82.7%
thorn
79.7%
yacht
71%
spool
69.4%
queue
64.7%
Xerox
64.2%
lasso
62.7%
vinyl
61.1%
uvula
57.5%

From the Vault

English County Name Origins

by davidr

History 10m
We thought you needed more practice at typing "shire".
Remove Ads.
Support Sporcle.
Get the best of Sporcle when you Go Orange. This ad-free experience offers more features, more stats, and more fun while also helping to support Sporcle. Thank you for becoming a member.

Show Comments

Extras

Top Quizzes Today


Score Distribution

Your Account Isn't Verified!

In order to create a playlist on Sporcle, you need to verify the email address you used during registration. Go to your Sporcle Settings to finish the process.

Report this User

Report this user for behavior that violates our Community Guidelines.

Details: